000 00602nam a2200205 4500
001 117200
003 ES-MaACL
005 20250809063516.0
007 t|
008 070301s1982 sp r ||||1| spa d
100 1 _aPaz, Octavio,
_d1914-1998
_989753
245 1 0 _aOctavio Paz /
_cedición de Pere Gimferrer.
260 _aMadrid :
_bTaurus,
_c1982.
300 _a309 p. ;
_c21 cm.
490 1 _aEl escritor y la crítica
700 0 _aGimferrer, Pere,
_d1945-
_957102
830 0 _aEl escritor y la crítica
_9183290
852 _aES-MaACL
_jL-4846
_bR.104392
999 _c117200
_d117200